| 000 | 00402nam a22001457a 4500 | ||
|---|---|---|---|
| 003 | 0 | ||
| 005 | 20230610090616.0 | ||
| 008 | 230610b xxu||||| |||| 00| 0 eng d | ||
| 050 |
_aHM742 _b.L56 2022 |
||
| 245 |
_aArangkada _cLimos, Adriel P. |
||
| 260 |
_aLas Pinas City _bSouthville International School and Colleges _cC2022 |
||
| 300 |
_aviii,62pp. _c28cm. |
||
| 500 | _aSocial media. | ||
| 942 |
_2lcc _cTH |
||
| 999 |
_c364970 _d364970 |
||